Online Catalogue and eLibrary

Bhramana mdham (Record no. 958)

MARC details
000 -LEADER
fixed length control field 00370nam a2200145Ia 4500
005 - DATE AND TIME OF LATEST TRANSACTION
control field 20250429041245.0
008 - FIXED-LENGTH DATA ELEMENTS--GENERAL INFORMATION
fixed length control field 240331s9999 xx 000 0 und d
082 ## - DDC Classification
Class No. 294
Item Number - Author Mark IDA
100 ## - MAIN ENTRY--PERSONAL NAME
Personal name Idamarugu, J
245 #0 - TITLE STATEMENT
Title Bhramana mdham
260 ## - PUBLICATION, DISTRIBUTION, ETC.
Place of publication, distribution, etc. Chennai
Name of publisher, distributor, etc. Alaikal Veliyitagam
Date of publication, distribution, etc. 1995
300 ## - PHYSICAL DESCRIPTION
Extent (e.g. Volumes, Pages etc.) 256 p .,
500 ## - GENERAL NOTE
General note Bhiraamana mathathin thotramum valarchium
942 ## - Koha item type (Biblio)
Koha item type Books in Stacks (Lending)
Holdings
Lost status Damaged status Collection code Home library Current library Shelving location Date acquired Full call number Accession Number Item type
    Lending WERC Library WERC Library Social Science Cupboard 03/31/2024 294 IDA 2226 Books in Stacks (Lending)

© WERC Library